| 000 | 00777nam a2200277 a 4500 | ||
|---|---|---|---|
| 008 | |||
| 020 | _a0801630460 (pbk. ) | ||
| 090 |
_aRC78 _bMAC |
||
| 100 | 1 | _aMace, James D. | |
| 245 | 1 | 0 |
_aRadiographic pathology for technologists / _cJames D. Mace & Nina Kowalczyk. |
| 260 |
_aSt. Louis : _bMosby , _c1988. |
||
| 300 |
_ax, 278 p. : _bill. ; _c24 cm. |
||
| 500 | _aIncludes index. | ||
| 650 | 0 | _aDiagnosis, Radioscopic. | |
| 650 | 0 | _aPathology. | |
| 650 | 0 | _aMedical technologists. | |
| 650 | 2 | _aPathology. | |
| 650 | 2 | _aRadiography. | |
| 700 | 1 | _aKowalczyk, Nina. | |
| 907 |
_a.b10146088 _b30-04-12 _c07-01-05 |
||
| 003 | |||
| 005 | 20230120203835.0 | ||
| 040 | _cNUST | ||
| 049 | _aMAIN | ||
| 942 |
_cBOOKS _kRC78 _mMAC |
||
| 999 |
_c112420 _d112420 |
||